000
00331nam a2200133Ia 4500
005
20251222155043.0
008
251222s9999||||xx |||||||||||||| ||spa||
082
_a
EBA. 16
100
_a
NORDMARK R.
245
0
_a
Bases Cientificas de la Enfermería 2da. Edición
250
_a
2da. ed.
264
_b
Prensa médica
942
_c
LIB
999
_c
37000
_d
37000